000
00267nam a22001097a 4500
020
_a
978-0-19-567696-9
082
_a
658.83
100
_a
Easwaran, Sunada
245
_a
Marketing Research:
_b
Concepts, Practices, and Cases
700
_a
Singh, Sharmila J.
942
_c
BK
999
_c
22166
_d
22166